=LDR 00000nam 2200000 4500 =001 INLIS000000000040644 =005 20130612150215 =008 ***********************************ind** =035 ##$$0010-061300000040644 =041 ##$$a ind =082 ##$$a 616.2 =090 ##$$a 616.2, Rid k =100 ##$$a RIDWAN, Mu Hammad =245 ##$$a Keajaiban nafas, Muhammad ridwan;Editor, Ika wijayanti =260 ##$$a 2002 $b Semarang =300 ##$$a Vi,138 Hlm, ilus, 22 cm =650 ##$$a PERNAPASAN =700 ##$$a WIJAYANTI, Ika =850 ##$$a NBPNMAT